000 00453nam a2200157Ia 4500
005 20250508163118.0
008 008 250505s9999 xx 000 0 eng d
037 _aBooks to be hide in OPAC
040 _aFEDL
_beng
_cFEDL
041 _aeng
_2eng
084 _a378.54, DEL/O
_qFEDL
245 0 _aSixtieth annual report: University of Delhi . 2 Parts
300 _axvii,131p.
942 _cHB
_h378.54, DEL/O
999 _c1380925
_d1380925